<?xml version="1.0" encoding="UTF-8"?><?xml-stylesheet type="text/xsl" href="static/style.xsl"?><OAI-PMH xmlns="http://www.openarchives.org/OAI/2.0/" xmlns:xsi="http://www.w3.org/2001/XMLSchema-instance" xsi:schemaLocation="http://www.openarchives.org/OAI/2.0/ http://www.openarchives.org/OAI/2.0/OAI-PMH.xsd"><responseDate>2026-06-06T17:53:18Z</responseDate><request verb="GetRecord" identifier="oai:riuma.uma.es:10630/30164" metadataPrefix="marc">https://riuma.uma.es/rest/oai/request</request><GetRecord><record><header><identifier>oai:riuma.uma.es:10630/30164</identifier><datestamp>2026-02-03T11:34:25Z</datestamp><setSpec>com_10630_2254</setSpec><setSpec>col_10630_37953</setSpec></header><metadata><record xmlns="http://www.loc.gov/MARC21/slim" xmlns:dcterms="http://purl.org/dc/terms/" xmlns:doc="http://www.lyncode.com/xoai" xmlns:xsi="http://www.w3.org/2001/XMLSchema-instance" xsi:schemaLocation="http://www.loc.gov/MARC21/slim http://www.loc.gov/standards/marcxml/schema/MARC21slim.xsd">
   <leader>00925njm 22002777a 4500</leader>
   <datafield ind2=" " ind1=" " tag="042">
      <subfield code="a">dc</subfield>
   </datafield>
   <datafield ind2=" " ind1=" " tag="720">
      <subfield code="a">del Rey, Alberto</subfield>
      <subfield code="e">author</subfield>
   </datafield>
   <datafield ind2=" " ind1=" " tag="720">
      <subfield code="a">Grande-Martín, Rafael</subfield>
      <subfield code="e">author</subfield>
   </datafield>
   <datafield ind2=" " ind1=" " tag="720">
      <subfield code="a">García-Gómez, Jesús</subfield>
      <subfield code="e">author</subfield>
   </datafield>
   <datafield ind2=" " ind1=" " tag="260">
      <subfield code="c">2022</subfield>
   </datafield>
   <datafield ind2=" " ind1=" " tag="520">
      <subfield code="a">El objetivo del trabajo es analizar la transición a la maternidad de las generaciones de mujeres nacidas en las décadas de 1960, 1970 y 1980. De manera particular se trata de estudiar el efecto de las características sociodemográficas, familiares y las principales transiciones vitales de la mujer (formación de pareja, trayectoria laboral y emancipación) sobre la probabilidad de nacimiento del primer hijo. Utilizando la Encuesta de Fecundidad de 2018 del INE, se aplican modelos de supervivencia de tiempo discreto para analizar la edad al nacimiento del primer hijo considerando las características particulares y familiares, e incorporando las transiciones vitales. Los resultados no muestran diferencias significativas entre generaciones en la intensidad de la transición al primer hijo, aunque sí se observa por el contrario un retraso de la primofecundidad, debido fundamentalmente al cambio en las características de las propias mujeres y de manera particular al aumento del nivel educativo. La importancia de las transiciones vitales se mantiene pese al cambio generacional, así sigue siendo fundamental para la transición a la maternidad tener una pareja estable y haber logrado la emancipación e independencia económica. Pero, mientras que en las generaciones más antiguas el empleo favorecía la maternidad, en las generaciones recientes el acceso al mercado de trabajo no afecta la maternidad, aunque el no acceso la reduce.</subfield>
   </datafield>
   <datafield ind1="8" ind2=" " tag="024">
      <subfield code="a">del Rey, A., R. Grande y J. García-Gómez (2022). Transiciones a la maternidad a través de las generaciones. Factores causales del nacimiento del primer hijo en España. Revista Española de Sociología, 31(2), a108.</subfield>
   </datafield>
   <datafield ind1="8" ind2=" " tag="024">
      <subfield code="a">https://hdl.handle.net/10630/30164</subfield>
   </datafield>
   <datafield ind1="8" ind2=" " tag="024">
      <subfield code="a">https://doi.org/10.22325/fes/res.2022.108</subfield>
   </datafield>
   <datafield tag="653" ind2=" " ind1=" ">
      <subfield code="a">Maternidad - Aspectos sociales - España</subfield>
   </datafield>
   <datafield ind2="0" ind1="0" tag="245">
      <subfield code="a">Transiciones a la maternidad a través de las generaciones. Factores causales del nacimiento del primer hijo en España</subfield>
   </datafield>
</record>
</metadata></record></GetRecord></OAI-PMH>